Credit Card Frauds : An Introduction (Record no. 85550)

MARC details
000 -LEADER
fixed length control field 00535nam a2200205Ia 4500
008 - FIXED-LENGTH DATA ELEMENTS--GENERAL INFORMATION
fixed length control field 230125s9999 xx 000 0 und d
041 ## - LANGUAGE CODE
Language code of text/sound track or separate title eng
082 ## - DEWEY DECIMAL CLASSIFICATION NUMBER
Classification number 658.15
Item number SUJ
100 ## - MAIN ENTRY--PERSONAL NAME
Personal name Sujatha B, Ed.
9 (RLIN) 108793
245 ## - TITLE STATEMENT
Title Credit Card Frauds : An Introduction
250 ## - EDITION STATEMENT
Edition statement 1st Ed.
260 ## - PUBLICATION, DISTRIBUTION, ETC. (IMPRINT)
Date of publication, distribution, etc. 2007
Name of publisher, distributor, etc. ICFAI publication
Place of publication, distribution, etc. Hyderabad
300 ## - PHYSICAL DESCRIPTION
Extent 243p
440 ## - SERIES STATEMENT/ADDED ENTRY--TITLE
Title ICFAI
500 ## - GENERAL NOTE
Keywords credit card frauds
650 ## - SUBJECT ADDED ENTRY--TOPICAL TERM
Topical term or geographic name as entry element Financial Economics
700 ## - ADDED ENTRY--PERSONAL NAME
Personal name Sujatha B, Ed. & ICFAI
9 (RLIN) 108794
906 ## - LOCAL DATA ELEMENT F, LDF (RLIN)
b 127
Holdings
Withdrawn status Lost status Damaged status Not for loan Home library Current library Date acquired Vendor Cost, normal purchase price Bill number Total Checkouts Total Renewals Full call number Barcode Date last seen Cost, replacement price Bill Date Koha item type Original Barcode
        Smt. Hiraben Nanavati Institute of Management & Research for Women Smt. Hiraben Nanavati Institute of Management & Research for Women 29/09/2009 Word Book Shop 425.00 58   1 658.15 SUJ B07744 HIMR-BK-7744 03/02/2023 298.00 15/09/2009 Books B07744